00554 2200205 4500001002100000005001500021035002000036245004500056100001500101300003500116260004200151082001100193084001700204020002200221650001400243650001800257008004100275990001600316990001600332INLIS00000000000045320260303104753 a0010-03260000021 aSeni Mengenal Diri Sendiri /cBrian Adam0 aBrian Adam aviii, 156 hlm. ;c13,5 x 20 cm aYogyakarta :bBright Publisher,c2020 a155.25 a155.25 BRI s a978-623-7778-52-3 aPsikologi aMotivasi Diri260303 g 0 ind  a00003/BB/26 a00003/BB/26